Trend Top 2003
Výročné ceny Trendu. Najväčšie nefinančné podniky. Najväčšie podniky v krajoch. Odvetvia. Automobily. Reklama a médiá. Najväčšie finančné podniky. Verejný sektor.
Enregistré dans:
| Format: | Chapitre de livre |
|---|---|
| Langue: | slovaque |
| Sujets: | |
| Tags: |
Pas de tags, Soyez le premier à ajouter un tag!
|
MARC
| LEADER | 00000naa$a2200000$$$4500 | ||
|---|---|---|---|
| 001 | 0001861 | ||
| 005 | 20230921115403.6 | ||
| 041 | 0 | |a slo | |
| 044 | |a SK | ||
| 245 | 1 | 0 | |a Trend Top 2003 |
| 520 | |a Výročné ceny Trendu. Najväčšie nefinančné podniky. Najväčšie podniky v krajoch. Odvetvia. Automobily. Reklama a médiá. Najväčšie finančné podniky. Verejný sektor. | ||
| 610 | 2 | 0 | |a firmy |
| 610 | 2 | 0 | |a banky |
| 610 | 2 | 0 | |a poisťovne |
| 610 | 2 | 0 | |a odvetvia činnosti ekonomickej |
| 610 | 2 | 0 | |a kraje |
| 610 | 2 | 0 | |a automobily |
| 610 | 2 | 0 | |a reklama |
| 610 | 2 | 0 | |a médiá |
| 610 | 2 | 0 | |a sektor verejný |
| 610 | 2 | 0 | |a Slovensko |
| 610 | 2 | 0 | |a 2003 |